[Event "Titled Tuesday intern op 13th Oct"]
[Site "Chess.com INT"]
[Date "2020.10.13"]
[Round "2"]
[White "Llanos, Guillermo"]
[Black "Chumpitaz Carbajal, Ann"]
[Result "1-0"]
[WhiteElo "2297"]
[BlackElo "2244"]
[PlyCount "93"]
[EventDate "2020.10.13"]
[EventType "swiss (blitz)"]
[EventRounds "10"]
[EventCountry "USA"]
[SourceTitle "CBM 198 Extra"]
[Source "ChessBase"]
[SourceDate "2020.11.30"]
[SourceVersion "1"]
[SourceVersionDate "2020.11.30"]
[SourceQuality "1"]

1. e4 c5 2. Nf3 d6 3. c3 Nf6 4. Be2 Nc6 5. d4 cxd4 6. cxd4 Nxe4 7. d5 Qa5+ 8. Nc3 Nxc3 9. bxc3 Ne5 10. Nxe5 dxe5 11. 0-0 e6 12. Bf3 Bc5 13. dxe6 Bxe6 14. Bxb7 Rd8 15. Bc6+ Ke7 16. Qh5 Rc8 17. Qg5+ Kf8 18. Bb7 Rd8 19. Rb1 f6 20. Qh4 Qxc3 21. Bh6 Be7 22. Be3 Bxa2 23. Rbc1 Qb4 24. Qxb4 Bxb4 25. Ra1 Be6 26. Rxa7 Kf7 27. Bd5+ Be7 28. Bc5 Rhe8 29. Bc6 Kf8 30. Bxe8 Rxe8 31. Bxe7+ Rxe7 32. Rxe7 Kxe7 33. Ra1 Kf7 34. f3 Kg6 35. Kf2 h5 36. Ra7 Bf5 37. h4 Be6 38. Ke3 Bd5 39. Rc7 Be6 40. Ra7 Bd5 41. Ra5 Be6 42. g3 Bf5 43. Rc5 Be6 44. Ra5 Bf5 45. Ra4 Be6 46. Rb4 Bf5 47. g4 1-0

[Event "Titled Tuesday intern op 06th Oct"]
[Site "Chess.com INT"]
[Date "2020.10.06"]
[Round "2"]
[White "Chumpitaz Carbajal, Ann"]
[Black "Golsta, Madara"]
[Result "1-0"]
[WhiteElo "2244"]
[BlackElo "1967"]
[PlyCount "59"]
[EventDate "2020.10.06"]
[EventType "swiss (blitz)"]
[EventRounds "10"]
[EventCountry "USA"]
[SourceTitle "CBM 198 Extra"]
[Source "ChessBase"]
[SourceDate "2020.11.30"]
[SourceVersion "1"]
[SourceVersionDate "2020.11.30"]
[SourceQuality "1"]

1. e4 c5 2. Nf3 Nc6 3. d4 cxd4 4. Nxd4 g6 5. c4 Bg7 6. Be3 Nf6 7. f3 0-0 8. Qd2 d6 9. Nc3 Bd7 10. Be2 Nxd4 11. Bxd4 a5 12. 0-0 Bc6 13. Rac1 Nd7 14. Be3 Nc5 15. Rfd1 Be5 16. g3 e6 17. b3 f5 18. exf5 Rxf5 19. Bxc5 Bxc3 20. Rxc3 Rxc5 21. Qxd6 Qb6 22. Qxe6+ Kh8 23. Qf6+ Kg8 24. Qd4 Re8 25. Re3 Rxe3 26. Qxe3 Qb4 27. Qe6+ Kg7 28. Qe7+ Kh6 29. Qf8+ Kh5 30. f4+ 1-0

[Event "Titled Tuesday intern op 06th Oct"]
[Site "Chess.com INT"]
[Date "2020.10.06"]
[Round "8"]
[White "Chumpitaz Carbajal, Ann"]
[Black "Samadov, Read"]
[Result "0-1"]
[WhiteElo "2244"]
[BlackElo "2332"]
[PlyCount "52"]
[EventDate "2020.10.06"]
[EventType "swiss (blitz)"]
[EventRounds "10"]
[EventCountry "USA"]
[SourceTitle "CBM 198 Extra"]
[Source "ChessBase"]
[SourceDate "2020.11.30"]
[SourceVersion "1"]
[SourceVersionDate "2020.11.30"]
[SourceQuality "1"]

1. e4 c5 2. Nf3 d6 3. d4 cxd4 4. Nxd4 Nf6 5. Nc3 a6 6. Be3 e5 7. Nb3 Be6 8. f3 Nbd7 9. Qd2 b5 10. 0-0-0 Nb6 11. Kb1 b4 12. Bxb6 Qxb6 13. Nd5 Bxd5 14. exd5 Be7 15. Bc4 0-0 16. Rhe1 a5 17. Qe3 Qc7 18. Nd2 Nd7 19. f4 Bf6 20. Bd3 exf4 21. Qxf4 a4 22. Ne4 Be5 23. Qf5 g6 24. Qf2 a3 25. b3 f5 26. Qd2 fxe4 0-1